| 000 | 00641nam a2200193Ia 4500 | ||
|---|---|---|---|
| 003 | IN-BaIIA | ||
| 008 | 211028s9999 xx 000 0 eng d | ||
| 040 | _cIIA Library | ||
| 080 |
_a083.7:621.941 _bISI |
||
| 110 | _aIndian Standards Institution | ||
| 245 | 0 |
_aIndian standard test chart for general purpose parallel lathes _bpt. 1, lathes with swing over bed upto 800mm _cIndian Standards Institution |
|
| 260 |
_aNew Delhi _bIndian Standards Institution _c1972 |
||
| 300 | _a7p. | ||
| 500 | _aIS 1878 : Part 1 : 1971 | ||
| 650 |
_a Square Holes-Standards _99250 |
||
| 650 | _a Standards | ||
| 650 | _aNASA Thesaurus | ||
| 942 | _cBK | ||
| 999 |
_c5259 _d5259 |
||